Pokémon Deutsch Quiz #2 - Statistiken

Allgemein
  • Dieses Quiz wurde 68 mal gespielt
  • Das Durchschnittsergebnis liegt bei 67 aus 100
Antwortstatistiken
# Pokémon % Korrekt
152 Endivie
96%
155 Feurigel
96%
158 Karnimani
96%
160 Impergator
91%
154 Meganie
91%
250 Ho-Oh
89%
156 Igelavar
89%
249 Lugia
89%
245 Suicune
89%
157 Tornupto
89%
159 Tyracroc
89%
244 Entei
87%
153 Lorblatt
87%
243 Raikou
87%
251 Celebi
85%
163 Hoothoot
85%
164 Noctuh
83%
161 Wiesor
83%
197 Nachtara
81%
172 Pichu
81%
162 Wiesenior
81%
196 Psiana
79%
173 Pii
77%
208 Stahlos
77%
168 Ariados
74%
239 Elekid
74%
174 Fluffeluff
74%
229 Hundemon
74%
246 Larvitar
74%
240 Magby
74%
248 Despotar
72%
166 Ledian
72%
165 Ledyba
72%
247 Pupitar
72%
212 Scherox
72%
167 Webarak
72%
181 Ampharos
70%
228 Hunduster
70%
200 Traunfugil
70%
241 Miltank
68%
214 Skaraborn
68%
179 Voltilamm
68%
180 Waaty
68%
201 Icognito
66%
221 Keifel
66%
230 Seedraking
66%
175 Togepi
66%
182 Blubella
64%
169 Iksbat
64%
220 Quiekel
64%
215 Sniebel
64%
206 Dummisel
62%
198 Kramurx
62%
171 Lanturn
62%
185 Mogelbaum
62%
176 Togetic
62%
225 Botogel
60%
234 Damhirplex
60%
232 Donphan
60%
203 Girafarig
60%
238 Kussilla
60%
170 Lampi
60%
224 Octillery
60%
227 Panzaeron
60%
223 Remoraid
60%
204 Tannza
60%
210 Granbull
57%
187 Hoppspross
57%
231 Phanpy
57%
186 Quaxo
57%
216 Teddiursa
57%
217 Ursaring
57%
205 Forstellka
55%
242 Heiteira
55%
199 Laschoking
55%
177 Natu
55%
189 Papungha
55%
218 Schneckmag
55%
209 Snubbull
55%
192 Sonnflora
55%
202 Woingenau
55%
178 Xatu
55%
184 Azumarill
53%
226 Mantax
53%
207 Skorgla
53%
191 Sonnkern
53%
194 Felino
51%
188 Hubelupf
51%
237 Kapoera
51%
219 Magcargo
51%
183 Marill
51%
236 Rabauz
51%
235 Farbeagle
49%
190 Griffel
49%
195 Morlord
49%
233 Porygon2
49%
193 Yanma
47%
222 Corasonn
45%
213 Pottrott
45%
211 Baldorfisch
40%
Keine übereinstimmenden Quizze gefunden
Verteilung der Resultate
Anzahl Personen mit jedem Resultat
Perzentil nach korrekt beantworteten Fragen
Ihre Resultats-Entwicklung
Sie haben dieses Quiz noch nicht gespielt